Conseil de la paix - Statistiques

Statistiques générales
  • Ce quiz a été pris 7 fois
  • Le résultat moyen est 7 sur 28
Statistiques - réponses
Réponse % Correct
États-Unis
86%
Israël
86%
Hongrie
57%
Arabie saoudite
43%
Argentine
43%
Égypte
43%
Émirats Arabes Unis
43%
Qatar
43%
Bahreïn
29%
Indonésie
29%
Kazakhstan
29%
Maroc
29%
Turquie
29%
Arménie
14%
Azerbaïdjan
14%
Biélorussie
14%
Koweït
14%
Pakistan
14%
Paraguay
14%
Salvador
14%
Vietnam
14%
Albanie
0%
Bulgarie
0%
Cambodge
0%
Jordanie
0%
Kosovo
0%
Mongolie
0%
Ouzbékistan
0%
Aucun quiz correspondant
Distribution des résultats
% des personnes avec chaque résultat
Percentile par nombre de réponses
Votre historique - résultats
Vous n’avez pas pris ce quiz